| 000 | 00627nam a2200241Ia 4500 | ||
|---|---|---|---|
| 003 | OSt | ||
| 005 | 20220918214508.0 | ||
| 006 | a|||||r|||| 00| 0 | ||
| 007 | ta | ||
| 008 | 220917b |||||||| |||| 00| 0 eng d | ||
| 024 | _a137,683 | ||
| 037 | _cTextual | ||
| 040 |
_aARTS _cARTS _beng |
||
| 041 |
_2eng _aeng |
||
| 082 | _aXM55:Z2qN56, J6 | ||
| 110 |
_aIndia, Law (Ministry of-) _9129803 |
||
| 245 | 0 | _aCompanies act, 1956, No. 1 of 1956 | |
| 260 | _c1956 | ||
| 650 | _aECONOMICS | ||
| 700 |
_aIndia, Law (Ministry of-) _9129804 |
||
| 942 |
_hXM55:Z2qN56, J6 _cTEXL _2CC |
||
| 999 |
_c260762 _d260762 |
||